| 000 | 00922nam a2200265 u 4500 | ||
|---|---|---|---|
| 001 | 63818 | ||
| 005 | 20180714070416.0 | ||
| 008 | 160113s2012 mx r 000 0 spa d | ||
| 020 | _a9786074213218 | ||
| 041 | _aspa | ||
| 082 | 0 |
_a901 _bTEN |
|
| 100 | 1 |
_aTenorio-Trillo, Mauricio, _d1962- _eautor |
|
| 245 | 1 | 0 |
_aCulturas y memoria : _bmanual para ser historiador / _cMauricio Tenorio Trillo. |
| 250 | _aPrimera edición | ||
| 264 | 1 |
_aMéxico _bTusquets Editores México, _c2012 |
|
| 300 |
_a357 páginas ; _c21 cm. |
||
| 336 |
_atexto _2rdacontent |
||
| 337 |
_asin mediación _2rdamedia |
||
| 338 |
_avolumen _2rdacarrier |
||
| 650 | 4 | _aHistoriografía | |
| 650 | 4 | _aMemoria | |
| 650 | 4 |
_aCultura _xHistoria |
|
| 650 | 4 |
_aHistoria _xMetodología |
|
| 740 | 0 | _aCulturas y memoria: Manual para ser historiador: una invitación teórica y práctica para escribir el pasado y reinventar el presente | |
| 999 |
_c63818 _d63818 |
||